000 00419nam a2200169Ia 4500
008 230524s9999 xx 000 0 und d
020 _a9788131517307
082 _bLOG
100 _aDaryl L. Logan
_942882
245 2 _aA First Course In The Finite Element Method
250 _a5
260 _aNew Delhi
_bCengage
_c2016
300 _a"XI,878p;"
500 _aQuantity Number: 1
650 _aCivil
942 _cBK
999 _c57854
_d57854